La sociedad homosexual (Record no. 92573)

MARC details
000 -LEADER
campo de control de longitud fija 00827nam a2200241 i 4500
001 - NÚMERO DE CONTROL
campo de control 92573
003 - IDENTIFICADOR DE NÚMERO DE CONTROL
campo de control ES-MaACL
005 - FECHA Y HORA DE LA ÚLTIMA TRANSACCIÓN
campo de control 20231215063515.0
007 - CAMPO FIJO DE DESCRIPCIÓN FÍSICA--INFORMACIÓN GENERAL
campo de control de longitud fija t|
008 - DATOS DE LONGITUD FIJA--INFORMACIÓN GENERAL
campo de control de longitud fija 050401s2001 sp |||| | spa d
020 ## - NÚMERO INTERNACIONAL ESTÁNDAR DEL LIBRO
Número Internacional Estándar del Libro 84-95437-08-2
080 ## - NÚMERO DE LA CLASIFICACIÓN DECIMAL UNIVERSAL
Número de la Clasificación Decimal Universal 821.134.2-4"19"
100 1# - ENTRADA PRINCIPAL--NOMBRE DE PERSONA
Nombre de persona Moa, Pío
Fechas asociadas al nombre 1948-
9 (RLIN) 226432
245 13 - MENCIÓN DEL TÍTULO
Título La sociedad homosexual
Resto del título : y otros ensayos /
Mención de responsabilidad, etc. Pío Moa.
260 ## - PUBLICACIÓN, DISTRIBUCIÓN, ETC.
Lugar de publicación, distribución, etc. Madrid :
Nombre del editor, distribuidor, etc. Criterio Libros,
Fecha de publicación, distribución, etc. 2001.
300 ## - DESCRIPCIÓN FÍSICA
Extensión 321 p. ;
Dimensiones 20 cm.
500 ## - NOTA GENERAL
Nota general Índice onomástico.
505 8# - NOTA DE CONTENIDO CON FORMATO
Nota de contenido con formato Contiene: ;
Título La significación del Ateneo de Madrid (p. 143-164)
594 ## - Nota al título y mención de responsabilidad
Nota al título y mención de responsabilidad Reúne ensayos publicados en las revistas Tanteos y Ayeres, del Ateneo de Madrid, entre 1984 y 2001.
651 #4 - PUNTO DE ACCESO ADICIONAL DE MATERIA--NOMBRE GEOGRÁFICO
Nombre geográfico España-
Subdivisión general Política y gobierno-
Subdivisión cronológica 1975-
9 (RLIN) 159606
852 ## - LOCALIZACIÓN
Ubicación ES-MaACL
Número de control de estantería E-10905
Holdings
Estatus retirado Estado de pérdida Estado de daño No para préstamo Biblioteca de origen Biblioteca actual Ubicación en estantería Fecha de adquisición Fuente de adquisición Total de préstamos Signatura topográfica completa Código de barras Visto por última vez Precio de reemplazo Tipo de ítem Koha
        Biblioteca del Ateneo de Madrid Biblioteca del Ateneo de Madrid Depósito 2 17/01/2008     E-10905 1096646 23/02/2023 23/02/2023 Libro impreso